000 00267nam a22000977a 4500
999 _c11231
_d11231
008 181106b ||||| |||| 00| 0 eng d
020 _a9387516644
100 _aGandhi Poonam
_96983
245 _aBusiness Studies-XII
260 _aNew Delhi
_bVK Global Publications
_c2018-19